Handbook of Federal accounting practices ./ (Record no. 112263)
[ view plain ]
| 000 -LEADER | |
|---|---|
| fixed length control field | 00497nam a22001697a 4500 |
| 003 - CONTROL NUMBER IDENTIFIER | |
| control field | BD-ChCU |
| 005 - DATE AND TIME OF LATEST TRANSACTION | |
| control field | 20260419114308.0 |
| 008 - FIXED-LENGTH DATA ELEMENTS--GENERAL INFORMATION | |
| fixed length control field | 260419b bg ||||| |||| 00| 0 ben d |
| 040 ## - CATALOGING SOURCE | |
| Transcribing agency | BD-ChCU |
| 082 ## - DEWEY DECIMAL CLASSIFICATION NUMBER | |
| Classification number | REF 657.8350973 TIH |
| 100 ## - MAIN ENTRY--PERSONAL NAME | |
| Personal name | Tierney , Cornelius E. |
| 9 (RLIN) | 21597 |
| 245 ## - TITLE STATEMENT | |
| Title | Handbook of Federal accounting practices ./ |
| Statement of responsibility, etc. | Cornelius E. Tierney , |
| 260 ## - PUBLICATION, DISTRIBUTION, ETC. | |
| Place of publication, distribution, etc. | California : |
| Name of publisher, distributor, etc. | Addison - Wesley . |
| Date of publication, distribution, etc. | C 1982 |
| 300 ## - PHYSICAL DESCRIPTION | |
| Extent | xiv , 463p. |
| 650 #0 - SUBJECT ADDED ENTRY--TOPICAL TERM | |
| Topical term or geographic name entry element | Accounting . |
| 9 (RLIN) | 21599 |
| 942 ## - ADDED ENTRY ELEMENTS (KOHA) | |
| Source of classification or shelving scheme | Dewey Decimal Classification |
| Koha item type | Books |
| Suppress in OPAC | No |
| Withdrawn status | Lost status | Source of classification or shelving scheme | Damaged status | Not for loan | Home library | Current library | Shelving location | Date acquired | Source of acquisition | Total Checkouts | Full call number | Barcode | Date last seen | Copy number | Price effective from | Koha item type |
|---|---|---|---|---|---|---|---|---|---|---|---|---|---|---|---|---|
| Dewey Decimal Classification | Chittagong University Library | Chittagong University Library | Reference | 04/19/2026 | Purchase | REF 657.8350973 TIH | 120660 | 04/19/2026 | C-1 | 04/19/2026 | Books |